[Event "XXX Torre Memorial 2018"]
[Site "Merida"]
[Date "2018.12.18"]
[Round "8"]
[White "Fernandez Guillen, Ernesto J."]
[Black "Quesada Perez, Luis Ernesto"]
[Result "1-0"]
[WhiteElo "2401"]
[BlackElo "2510"]
[Annotator "TA"]
[PlyCount "85"]
[EventDate "2018.12.15"]
[EventType "swiss"]
[EventCountry "MEX"]
[SourceTitle "playchess.com"]
[Source "ChessBase"]
[SourceQuality "1"]

{[%evp 17,85,9,20,-11,22,6,51,9,14,-16,-2,-52,10,14,11,15,12,0,5,19,11,12,39,35,71,75,66,66,87,72,216,216,230,222,235,231,225,149,151,74,98,77,306,320,320,315,274,304,415,418,665,683,676,666,635,568,501,827,777,777,777,777,730,739,29976,29977,29976,29977,29978,29979]} 1. e4 c5 2. Nf3 d6 3. d4 cxd4 4. Nxd4 Nf6 5. Nc3 a6 6. Bc4 e6 7. Bb3 b5 8. f3 Nbd7 9. Be3 {B87: Sicilian Scheveningen/Najdorf: 6 Bc4, with early ...b5} Nc5 {LiveBook: 19 Games} 10. g4 {[%cal Bg2g4,Bg4g5][%mdl 32]} (10. Qd2 Bd7 11. O-O-O b4 12. Nce2 a5 13. Kb1 Qc8 14. c3 a4 15. cxb4 Ncxe4 16. fxe4 axb3 17. Nxb3 {0-1 (25) Fraiman,D (2255)-Alekseenko,K (2588) St Petersburg 2017}) 10... Qc7 11. Qd2 {The position is equal.} Bd7 12. g5 Nh5 $1 13. Nce2 $146 ({Predecessor:} 13. a4 Nxb3 14. Nxb3 b4 15. Ne2 Be7 16. Nbd4 g6 17. c3 {0-1 (29) Spanko,J (2168)-Likavsky,T (2410) Slovakia 2001}) 13... a5 14. c3 Nxb3 (14... d5 $1 $15) 15. axb3 $11 e5 16. Nc2 Qb7 17. b4 a4 18. Ng3 Nxg3 19. hxg3 Bc6 20. O-O-O Rd8 21. Rh5 g6 22. Rh4 $36 {[%mdl 2048] Black is under pressure.} Be7 23. Qh2 d5 (23... h5 $16) 24. Rxh7 $18 Rf8 {[#]} 25. Rh8 $1 Kd7 26. Rxf8 Bxf8 27. Bc5 Kc8 28. Qh3+ ({Better is} 28. exd5 Bxd5 29. Bxf8 Rxf8 30. Re1) 28... Bd7 $16 29. Qh7 dxe4 $2 (29... Bxc5 $16 30. bxc5 Be6) 30. Qxf7 $18 Bxc5 31. bxc5 exf3 {[#]} 32. Nb4 $1 ({Don't do} 32. Qxg6 $6 Qc6 $16) 32... a3 33. bxa3 Qa7 (33... f2 $142 34. Qxf2 Bf5 35. Rxd8+ Kxd8) 34. Kb2 Qxc5 35. Qxf3 {Qa8+ is the strong threat.} Qa7 36. Nc6 Qb7 37. Ne7+ Kb8 38. Qxb7+ Kxb7 39. Nxg6 e4 40. Ne5 e3 41. Rxd7+ {White mates.} Rxd7 42. Nxd7 e2 43. Nc5+ {Precision: White = 66%, Black = 37%.} 1-0

[Event "XXX Torre Memorial 2018"]
[Site "Merida"]
[Date "2018.12.19"]
[Round "9"]
[White "Bok, Benjamin"]
[Black "Fernandez Guillen, Ernesto J."]
[Result "1/2-1/2"]
[WhiteElo "2643"]
[BlackElo "2401"]
[Annotator "TA"]
[PlyCount "106"]
[EventDate "2018.12.15"]
[EventType "swiss"]
[EventCountry "MEX"]
[SourceTitle "playchess.com"]
[Source "ChessBase"]
[SourceQuality "1"]

{[%evp 22,106,34,15,29,25,47,51,88,53,46,54,68,12,23,10,4,0,28,33,30,10,23,0,0,0,5,1,12,16,10,3,51,-11,-16,-7,-7,-14,0,0,14,0,0,-27,6,11,22,0,0,0,0,0,0,-19,0,0,0,-153,-90,-82,-98,-141,-141,-222,-220,-205,-139,-104,-20,-102,0,-70,-35,-108,-102,-214,-179,-160,-112,-180,-169,-173,0,0,0,-147,0]} 1. Nf3 Nf6 2. c4 c5 3. Nc3 Nc6 4. g3 g6 5. d4 cxd4 6. Nxd4 Bg7 7. Bg2 O-O 8. O-O Qb6 9. e3 d6 10. b3 Bd7 {A39: Symmetrical English vs ...g6: 4 Bg2 Bg7 5 Nf3 Nf6 6 0-0 0-0 7 d4} 11. Bb2 Rac8 (11... Rfc8 12. Qd2 Rab8 13. Rfd1 Qa5 14. Rac1 Nxd4 15. exd4 Qh5 16. Re1 Re8 17. Qe2 Bg4 18. f3 {½-½ (44) Sarana,A (2587)-Shinkevich,V (2433) Sochi 2018}) 12. Qd2 {LiveBook: 4 Games} a6 {The position is equal.} 13. Rfd1 Qa7 $146 ({Predecessor:} 13... Rfd8 14. Rac1 Qa7 15. Na4 b6 16. Nc3 Ng4 17. Nxc6 Bxc6 18. Bxc6 Rxc6 {½-½ (38) Chekhov,S (2465)-Najdin,D (2235) Tambov 2016}) 14. Nde2 Rfd8 15. Nf4 Bg4 16. Re1 b6 17. Rac1 (17. h3 $14 Bd7 18. g4) 17... Ne5 $11 18. Ncd5 Nxd5 19. cxd5 Qb7 20. h3 Bd7 21. Bd4 a5 22. Rxc8 Rxc8 23. Rc1 Rxc1+ 24. Qxc1 Bb5 25. Qc3 Bf6 26. h4 Nd7 27. Bh3 (27. Ne6 $14) 27... Bxd4 28. Qxd4 Ne5 {aiming for ...Nf3+.} 29. Qc3 Ba6 30. e4 Bb5 31. Bc8 Qb8 32. a4 Bd7 (32... Bc4 {keeps more tension.} 33. Bh3 Ba6 34. Kh1 Qb7 35. h5 Qb8) 33. Bxd7 Nxd7 34. Ne2 Nc5 35. Qc4 Qc8 36. Kg2 f5 37. Nc3 Qf8 38. exf5 Qxf5 39. Ne2 $2 (39. Nb5 $11) 39... Qb1 (39... Nd3 $142 $1 40. f4 Nc5) 40. Nd4 $17 {[#]} Qe4+ $1 41. Kf1 Kf7 42. Qc3 (42. Nb5 $17 {was necessary.}) 42... Qxd5 43. Qe3 e5 44. Nb5 Qd1+ ({Black should try} 44... Qh1+ $17 45. Ke2 Ke6) 45. Kg2 $11 Qd5+ (45... Qxb3 $17 46. Nxd6+ Ke6 47. Qxb3+ Nxb3) 46. Kg1 (46. Kf1 $11) 46... Nd7 47. Qc1 (47. Qc3 $15) 47... Qc5 $17 ({Of course not} 47... Qxb3 $6 48. Qc6 $15) 48. Qc4+ (48. Qxc5 $17 dxc5 49. Kf1) 48... d5 49. Qe2 Qb4 50. Qf3+ (50. Qd3 $17 Qc5 51. Qe2) 50... Nf6 $19 51. Qe3 Nd7 52. Qf3+ Nf6 53. Qe3 {[#]} Nd7 {Precision: White = 39%, Black = 31%.} (53... Ne4 $1 $17 54. Kg2 Qc5) 1/2-1/2

[Event "XXX Torre Memorial 2018"]
[Site "Merida"]
[Date "2018.12.19"]
[Round "9"]
[White "Cordova, Emilio"]
[Black "Albornoz Cabrera, Carlos Daniel"]
[Result "1/2-1/2"]
[WhiteElo "2595"]
[BlackElo "2559"]
[Annotator "TA"]
[PlyCount "63"]
[EventDate "2018.12.15"]
[EventType "swiss"]
[EventCountry "MEX"]
[SourceTitle "playchess.com"]
[Source "ChessBase"]
[SourceQuality "1"]

{[%evp 21,63,0,3,0,22,2,39,37,28,26,20,26,27,6,8,6,7,7,8,8,9,8,8,8,15,11,15,15,10,8,8,8,26,-9,-3,-8,0,-5,0,0,0,0,0,0]} 1. Nf3 Nf6 2. c4 e6 3. g3 d5 4. Bg2 Be7 5. O-O O-O 6. d4 dxc4 7. Qc2 a6 8. a4 Bd7 9. Qxc4 Bc6 10. Bg5 Bd5 11. Qc1 {E05: Open Catalan: 5 Nf3 Be7} (11. Qc2 Be4 12. Qc1 h6 13. Bxf6 Bxf6 14. Nbd2 Bxf3 15. Nxf3 a5 16. Rd1 c6 17. h4 Na6 18. Qf4 Qc7 19. Qg4 Rad8 20. Rac1 Nb4 {0-1 (45) Wei,Y (2729)-So,W (2780) chess.com INT 2018}) 11... Nc6 {LiveBook: 9 Games} 12. Nbd2 {aiming for Bxf6.} Ne4 $146 ({Predecessor:} 12... Nxd4 13. Nxd4 Bxg2 14. Nxe6 Qd5 15. Bxf6 Bxf1 16. Nf4 Qd7 17. Bxe7 Qxe7 18. Nxf1 b5 19. Ne3 c5 20. Qc3 Rfe8 21. Nfd5 Qd8 22. axb5 axb5 23. Rxa8 Qxa8 24. Nf5 f6 25. Nxf6+ {1-0 (25) Lafuente,P (2422)-Liascovich,L (2312) Buenos Aires 2002}) 13. Bxe7 Nxe7 14. Nxe4 Bxe4 15. Qf4 Bxf3 16. Bxf3 Nd5 17. Qc1 a5 18. Rd1 c6 19. Qc5 Rc8 20. Rac1 b6 21. Qc4 Nb4 22. Qb3 Qd6 23. Rc4 Rc7 24. Qe3 Rd8 25. Rdc1 Rdc8 26. b3 c5 27. Qf4 Qxf4 {The position is equal.} 28. gxf4 g6 29. Kg2 Kf8 30. e3 Ke7 31. Be2 Nd5 32. Bf3 {Accuracy: White = 60%, Black = 60%.} 1/2-1/2

[Event "XXX Torre Memorial 2018"]
[Site "Merida"]
[Date "2018.12.19"]
[Round "9"]
[White "Gonzalez Vidal, Yuri"]
[Black "Almeida Quintana, Omar"]
[Result "1-0"]
[WhiteElo "2553"]
[BlackElo "2545"]
[Annotator "TA"]
[PlyCount "37"]
[EventDate "2018.12.15"]
[EventType "swiss"]
[EventCountry "MEX"]
[SourceTitle "playchess.com"]
[Source "ChessBase"]
[SourceQuality "1"]

{[%evp 13,37,31,36,45,106,119,118,86,141,83,137,135,137,144,252,179,368,139,426,310,532,533,639,635,978,892]} 1. e4 c5 2. Nf3 Nc6 3. Bb5 e6 4. Bxc6 bxc6 5. b3 d6 6. e5 {B30: Sicilian: 2...Nc6 3 Bb5, lines without ...g6} dxe5 7. Nxe5 Qg5 {[%mdl 64] LiveBook: 3 Games. Double Attack} 8. Ng4 {White is slightly better.} f5 {[#]} (8... Nf6 $14 9. Ne3 Nd5) 9. Qf3 $1 $16 {[%cal Rf3c6]} fxg4 10. Qxc6+ Kd8 $146 (10... Kf7 $142 11. Qxa8 Qe5+ {[%mdl 64] Double Attack} 12. Kd1 Qxa1 {[%mdl 64] Double Attack}) ({Predecessor:} 10... Kf7 11. Qxa8 Qe5+ 12. Kd1 Qc7 13. Qe4 Nf6 {0-1 (83) Howell,D (2650)-Williams,S (2462) Aberystwyth 2014}) 11. Qxa8 Qe5+ {[%mdl 64] Double Attack} 12. Kd1 {Nc3 is the strong threat.} Qxa1 13. Nc3 a6 (13... Bd6 $16 {was worth a try.}) 14. Ke2 {Hoping for Rd1.} Nf6 $2 (14... Kc7) 15. Rd1 $2 (15. Qc6 $18) 15... c4 $2 {[%mdl 8192]} (15... Kc7 $16) 16. bxc4 {[%cal Bb3c4,Bc4c5][%mdl 32]} (16. Ba3 {[#]} Qxd1+ $1 {[%mdl 512]} 17. Kxd1 Bxa3 $16) 16... Kc7 $2 (16... Nd7 17. Ba3 Qxd1+ 18. Nxd1 (18. Kxd1 Bxa3 19. Qc6 Ke7 $16) 18... Bxa3) 17. Qa7+ $18 {White is clearly winning.} ({Weaker is} 17. Ba3 Qxd1+ 18. Kxd1 (18. Nxd1 Bxa3 19. Qa7+ Bb7 $14) 18... Bxa3 $16) 17... Bb7 18. c5 ({Not} 18. Ba3 Qxd1+ 19. Kxd1 Bxa3 $16) 18... Nd5 19. Ba3 {Accuracy: White = 74%, Black = 10%.} 1-0

[Event "XXX Torre Memorial 2018"]
[Site "Merida"]
[Date "2018.12.19"]
[Round "9"]
[White "Theodorou, Nikolas"]
[Black "Rios, Cristhian Camilo"]
[Result "1/2-1/2"]
[WhiteElo "2546"]
[BlackElo "2467"]
[Annotator "TA"]
[PlyCount "71"]
[EventDate "2018.12.15"]
[EventType "swiss"]
[EventCountry "MEX"]
[SourceTitle "playchess.com"]
[Source "ChessBase"]
[SourceQuality "1"]

{[%evp 17,71,0,18,-12,-11,0,2,-13,-10,-4,-18,-10,-9,-15,-5,-5,-6,-7,-6,-9,-9,-9,0,0,0,-10,13,-10,-10,-10,-9,-14,-13,-14,-14,-14,-14,-13,5,0,6,0,6,-13,-13,-13,-13,-13,-13,-8,-6,-21,-17,-22,-22,-22]} 1. Nf3 d5 2. g3 g6 3. Bg2 Bg7 4. d4 Nf6 5. c4 c6 6. O-O O-O 7. Qb3 Qb6 8. Nc3 Bf5 9. Ne5 Be6 {LiveBook: 14 Games. The position is equal.} 10. Na4 {D78: Fianchetto Grünfeld: 6 0-0 c6} (10. Qd1 dxc4 11. Na4 Qd8 12. Nc5 Qc8 13. Qc2 Bh3 14. Qxc4 Bxg2 15. Kxg2 Nbd7 16. Ncd3 Nxe5 17. dxe5 Nd5 {1-0 (36) Nakamura,H (2787)-Kramnik,V (2800) Moscow 2018}) 10... Qxb3 11. axb3 {aiming for Nb6!} Nfd7 $146 ({Predecessor:} 11... Nbd7 12. Nc3 Nb6 13. cxd5 Nfxd5 14. Nxd5 Nxd5 15. Bd2 Bxe5 16. dxe5 Nc7 17. b4 Rfd8 {1-0 (49) Maiorov,N (2538)-Hnaras,F (1875) Paleochora 2013}) 12. Rd1 dxc4 13. Nxc4 b5 14. Nc3 $1 bxc4 15. d5 $1 {[%cal Rd5e6]} cxd5 16. Nxd5 Nc6 17. Nc7 Rad8 18. Nxe6 fxe6 19. Bxc6 Ne5 20. Rxd8 Rxd8 21. Ba4 Rd1+ 22. Kg2 {[#] Hoping for bxc4.} Nd3 $1 {[%mdl 512]} 23. exd3 cxd3 {Threatens to win with ...d2.} 24. b4 Re1 {...d2 is the strong threat.} 25. Ra3 Rxc1 26. Rxd3 Bxb2 $11 {[%mdl 4096] Endgame KRB-KRB} 27. Rd7 Ra1 28. Rxa7 Kf7 29. Ra6 Bd4 30. f4 Ra2+ 31. Kf3 {[#] Black must now prevent Be8+!} Rxh2 32. Bb3 Rb2 33. Bxe6+ Kg7 34. Ra4 Bc3 35. Ra3 Bxb4 36. Rb3 {Precision: White = 55%, Black = 83%.} 1/2-1/2

[Event "XXX Torre Memorial 2018"]
[Site "Merida"]
[Date "2018.12.19"]
[Round "9"]
[White "Martinez Duany, Lelys Stanley"]
[Black "Quesada Perez, Yasser"]
[Result "1/2-1/2"]
[WhiteElo "2536"]
[BlackElo "2528"]
[Annotator "TA"]
[PlyCount "51"]
[EventDate "2018.12.15"]
[EventType "swiss"]
[EventCountry "MEX"]
[SourceTitle "playchess.com"]
[Source "ChessBase"]
[SourceQuality "1"]

{[%evp 27,51,0,0,0,0,-2,0,0,0,0,0,0,0,0,0,0,0,0,0,0,0,0,0,0,0,0]} 1. d4 d5 2. Nf3 Nf6 3. c4 c6 4. cxd5 cxd5 5. Nc3 Nc6 6. Bf4 Bf5 7. e3 e6 8. Bd3 Bxd3 9. Qxd3 Bd6 10. Bxd6 Qxd6 11. O-O O-O 12. Rfc1 Rfc8 13. h3 h6 14. a3 {D14: Slav Defence: Exchange variation with ...Bf5} (14. Nd2 Nd7 15. Ne2 Ne7 {½-½ (15) Bu,X (2725)-Duda,J (2724) Liaocheng 2018}) 14... Nd7 {[#] LiveBook: 8 Games. The position is equal.} 15. Ne2 $146 ({Predecessor:} 15. Na4) 15... Rc7 16. Rc2 Rac8 17. Rac1 Ne7 18. Rxc7 Rxc7 19. Rxc7 Qxc7 20. Qc3 Qxc3 21. Nxc3 $11 {KNN-KNN} Nf5 22. Kf1 Nd6 23. b3 Kf8 24. Ke2 Ke7 25. Kd3 Nf6 26. Nd2 1/2-1/2

[Event "XXX Torre Memorial 2018"]
[Site "Merida"]
[Date "2018.12.19"]
[Round "9"]
[White "Espinosa Veloz, Ermes"]
[Black "Obregon Rivero, Juan Carlos"]
[Result "1-0"]
[WhiteElo "2515"]
[BlackElo "2482"]
[Annotator "TA"]
[PlyCount "71"]
[EventDate "2018.12.15"]
[EventType "swiss"]
[EventCountry "MEX"]
[SourceTitle "playchess.com"]
[Source "ChessBase"]
[SourceQuality "1"]

{[%evp 30,71,51,33,34,34,34,33,33,33,38,33,33,33,35,41,108,116,154,152,210,208,329,208,208,205,199,202,201,201,205,193,190,193,212,212,283,283,283,295,751,671,652,675]} 1. e4 c5 2. Nf3 Nc6 3. d4 cxd4 4. Nxd4 g6 5. c4 Bg7 6. Be3 d6 7. Nc3 Nf6 8. Be2 O-O 9. O-O Bd7 10. Qd2 Nxd4 11. Bxd4 Bc6 12. f3 a5 13. b3 Nd7 14. Bf2 Nc5 15. Rab1 Be5 {B38: Sicilian: Maroczy Bind with 5...Bg7 and 7...0-0} 16. Rfd1 {LiveBook: 9 Games} (16. Bd1 e6 17. Bc2 Qe7 18. Rfe1 Rfd8 19. a3 Be8 20. b4 axb4 21. axb4 Na6 22. Red1 Rdc8 23. Bd3 {½-½ (41) Erdos,V (2624)-Kveinys,A (2535) Antalya 2017}) 16... f5 17. exf5 Rxf5 {White is slightly better.} 18. Be3 Qf8 19. Nd5 e6 20. Nc7 Rc8 21. Nb5 $1 {[%cal Rb5d6]} ({Much worse is} 21. Qxa5 Qf6 $17) 21... Bxb5 $1 22. cxb5 {[#]} Qf6 $146 (22... b6 $14) ({Predecessor:} 22... b6 23. g3 {1-0 (40) Espinosa Veloz,E (2520)-Martinez Duany,L (2509) Havana 2018}) 23. g3 $1 $16 d5 24. Rbc1 $36 {[%mdl 2048] White is really pushing.} ({Inferior is} 24. Qxa5 Bc3 $11) 24... b6 {[#]} (24... Qe7 $16) 25. f4 $1 $18 {[%cal Rf4e5]} Bb2 (25... d4 {is a better defense.}) 26. Rc2 d4 27. Bxd4 ({Stronger than} 27. Rxb2 dxe3 28. Qc1 Rd5 $15) 27... Bxd4+ 28. Qxd4 Qxd4+ 29. Rxd4 Rd5 30. Rxd5 exd5 {[%mdl 4096] Endgame [#] KRB-KRN} 31. Rd2 $1 Ne4 32. Rxd5 Rc1+ 33. Kg2 Rc2 34. Kf3 Nc5 $2 (34... Kf8 35. Bd1 Nd2+ 36. Ke2 Nb1+ 37. Bxc2 Nc3+ 38. Ke3 Nxd5+ 39. Kd4 Nf6) 35. Bc4 Kf8 {[#]} 36. Rxc5 $1 {Precision: White = 86%, Black = 59%.} 1-0

[Event "XXX Torre Memorial 2018"]
[Site "Merida"]
[Date "2018.12.19"]
[Round "9"]
[White "Torres Rosas, Luis Carlos"]
[Black "Baryshpolets, Andrey"]
[Result "0-1"]
[WhiteElo "2277"]
[BlackElo "2578"]
[Annotator "TA"]
[PlyCount "64"]
[EventDate "2018.12.15"]
[EventType "swiss"]
[EventCountry "MEX"]
[SourceTitle "playchess.com"]
[Source "ChessBase"]
[SourceQuality "1"]

{[%evp 27,64,0,-19,-8,-18,-58,-61,-73,-66,-62,-66,-64,-51,-60,-49,-108,-108,-147,-133,-229,-232,-343,-338,-376,-372,-377,-375,-346,-341,-377,-326,-536,-501,-529,-529,-499,-422,-375,-350]} 1. d4 d5 2. c4 e6 3. Nc3 c6 4. Nf3 Nf6 5. e3 Nbd7 6. Qc2 Bd6 7. Be2 O-O 8. O-O dxc4 9. Bxc4 b5 10. Be2 a6 11. Rd1 Qc7 12. e4 e5 13. g3 Re8 14. a3 {D46: Semi-Slav: 5 e3 Nbd7 6 Bd3, Black avoids the Meran} (14. dxe5 Nxe5 15. Bg5 Nxf3+ 16. Bxf3 Be5 17. Rac1 Bh3 18. Bxf6 gxf6 19. Qe2 Be6 20. Bg4 Qe7 21. Qf3 Rad8 {0-1 (68) Le,Q (2739)-Navara,D (2737) Saint Louis 2017}) 14... h6 {LiveBook: 16 Games} 15. dxe5 Nxe5 16. Nd4 {With the idea f4.The position is equal.} Bc5 17. Nf5 $146 ({Predecessor:} 17. b4 Bb6 18. a4 Bg4 19. Be3 Bxe2 20. Qxe2 Nfg4 21. Nc2 Nxe3 22. Nxe3 {1-0 (34) Garus,E-Schneider,K GER email 2010}) 17... Bxf5 18. exf5 Qb6 19. Rf1 Neg4 20. Bxg4 Nxg4 21. Ne4 (21. Bf4 $15) 21... Bd4 $17 22. h3 Ne5 23. f6 (23. Bf4 $17 {was called for.}) 23... c5 $19 24. Kg2 (24. Bf4 $142) 24... Qc6 25. f3 Re6 26. Bf4 {[#]} Nxf3 $1 {[%mdl 512]} 27. Kxf3 (27. Rxf3 Rxe4) 27... Rae8 {[%cal Re6e4]} ({Weaker is} 27... gxf6 28. g4 $19) 28. Rae1 g5 29. Bc1 $2 (29. Bd2) 29... Rxf6+ 30. Kg2 Rfe6 31. Qb3 R8e7 32. Qf3 Rxe4 {Accuracy: White = 33%, Black = 88%.} 0-1